ČSN 26 9106 Nástavby palet technické požadavky a zkoušení

Guardado en:
Detalles Bibliográficos
Formato: Libro
Lenguaje:checo
Publicado: [S.l.] [s.n.] 1979
Etiquetas: Agregar Etiqueta
Sin Etiquetas, Sea el primero en etiquetar este registro!

MARC

LEADER 00000nam a2200000 4500
001 c119011
005 20160215144932.5
041 0 |a cze 
044 |a CS 
245 1 0 |a ČSN 26 9106 Nástavby palet  |b technické požadavky a zkoušení 
264 1 |a [S.l.]  |b [s.n.]  |c 1979 
300 |a 9 s. 
500 |a Schválená: 4.12.1979. Účinnosť od: 1.1.1980. Nahradzuje ČSN 26 91006 z 4.12.1974